000 01050nam a2200313 i 4500
003 EG-GICUC
005 20260121101353.0
008 251127s1929 fr ||||fr|||| 00| 0 fre d
040 _aEG-GiCUC
_bfre
_cEG-GiCUC
_dEG-GiCUC
_eRda
041 _afre
082 0 4 _221
_a341.22
_bC I . M
092 0 4 _221
099 _aLaw1 11 341.22 C I . M 1929
100 1 _aCioriceanu, Georges
_eAuteur
245 1 4 _ales Mandats internationaux /
_cGeorges Cioriceanu.
264 1 _aparis :
_bLa Vie Universitaire،
_c[1929].
300 _a105 page ;
_c 24 cm.
336 _2rda contenu
_a texte
337 _2rda medias
_aOrdinateur
338 _2 transporteur rda
_a Ressource en ligne
504 _aComprend des références bibliographiques. Comprend une bibliographie.
546 _aTexte en français
650 1 _aSociété des Nations
_xDroit international public
_2qrmak
650 1 _aMandats internationaux
651 1 _2qrmak
856 4 0 _uhttps://fll.law.cu.edu.eg/fulltext/bks/B11-05968.pdf
905 _a75
_eYara
942 _2ddc
_n0
_cBK
_e21
999 _c46560
_d46560